Contraceptive dynamics in Guatemala: 1978 - 1998 /

Сохранить в:
Библиографические подробности
Главный автор: Bertrand, Jane T.
Другие авторы: Seiber, Eric Escudero, Gabriela
Формат: Текст
Язык:Spanish
Предметы:
Метки: Добавить метку
Нет меток, Требуется 1-ая метка записи!

MARC

LEADER 00000 a a2200000 04500
001 8762
003 cru CIDCACS/IIS
005 20230330102341.0
008 230330b |||||||| |||| 00| 0 spa d
040 |c cru CIDCACS/IIS 
100 |a Bertrand, Jane T.  
245 |a Contraceptive dynamics in Guatemala: 1978 - 1998 /  |c Jane T. Bertrand 
500 |a Colección Centroamérica 
650 |a METODOS ANTICONCEPTIVOS  
650 |a COMPORTAMIENTO SOCIAL  
650 |a GUATEMALA  
650 |a METODOS ANTICONCEPTIVOS  
650 |a MUJERES  
700 |a Seiber, Eric   |a Escudero, Gabriela  
773 |g volumen 27, número 3; páginas 112-118  
773 0 |0 43097  |9 8437  |a The Alan Gultmacher Institute  |d New York: The Alan Guttmacher Institute, 1975-  |o 22844  |t International Family Planning Perspectives/  |x 01622749 
942 |2 ddc  |c PP 
999 |c 28297  |d 28297